| 000 | 00553nam a2200229Ia 4500 | ||
|---|---|---|---|
| 003 | 0100 | ||
| 008 | 130227s9999 xx 000 0 und d | ||
| 040 | _cARRUPELIB | ||
| 050 | _aB2430.S34L335 2006 | ||
| 100 | _aLeak, Andrew | ||
| 245 | _aSartre, Jean - Paul | ||
| 260 | _aLondon | ||
| 260 | _bReaktion Books Limited | ||
| 260 | _C2006 | ||
| 300 | _a165p. | ||
| 300 | _b 21cm. | ||
| 440 | _aCritical lives | ||
| 650 | _bAfrica - Politics | ||
| 650 | _cLeadership - Africa | ||
| 650 | _dPhilosophy, African - Congresses | ||
| 942 |
_2lcc _01 |
||
| 999 |
_c5095 _d5095 |
||